Strzelcy bramek na Euro 2020 - Statystyki

Ogólne statystyki
  • Ten quiz został rozwiązany 56 razy
  • Średni wynik to 48 z 90
Statystyki odpowiedzi
L.P. Odpowiedź % Poprawnych
72 Cristiano Ronaldo
100%
43 Harry Kane
97%
9 Federico Chiesa
94%
48 Robert Lewandowski
94%
59 Alvaro Morata
92%
49 Karol Linetty
89%
6 Karim Benzema
86%
67 Paul Pogba
86%
80 Raheem Sterling
86%
7 Leonardo Bonucci
83%
39 Lorenzo Insigne
83%
82 Wojciech Szczęsny
83%
75 Patrick Schick
81%
51 Romelu Lukaku
81%
38 Ciro Immobile
78%
25 Emil Forsberg
75%
78 Luke Shaw
75%
76 Haris Seferovic
72%
32 Kai Havertz
72%
16 Memphis Depay
72%
88 Andriy Yarmolenko
69%
28 Robin Gosens
69%
33 Thorgan Hazard
69%
86 Georginio Wijnaldum
67%
13 Kevin De Bruyne
67%
57 Luka Modric
67%
50 Manuel Locatelli
67%
21 Denzel Dumfries
64%
62 Goran Pandev
61%
18 Kasper Dolberg
61%
15 Merih Demiral
61%
12 Mikkel Damsgaard
61%
31 Raphael Guerreiro
61%
77 Xherdan Shaqiri
61%
22 Artem Dzyuba
58%
83 Ferran Torres
58%
65 Ivan Perisic
58%
37 Mats Hummels
58%
64 Pedri
58%
69 Yussuf Poulsen
58%
47 Aymeric Laporte
56%
2 Marko Arnautovic
56%
20 Martin Dubravka
56%
87 Roman Yaremchuk
56%
70 Aaron Ramsey
53%
30 Antoine Griezmann
53%
23 Breel Embolo
53%
79 Milan Skriniar
53%
52 Joakim Maehle
50%
27 Leon Goretzka
50%
66 Matteo Pessina
50%
85 Wout Weghorst
50%
40 Diogo Jota
47%
53 Harry Maguire
47%
17 Ruben Dias
47%
81 Adam Szalai
44%
36 Lukas Hradecky
44%
8 Martin Braithwaite
44%
44 Simon Kjaer
44%
56 Aleksey Miranchuk
42%
68 Joel Pohjanpalo
42%
58 Kieffer Moore
42%
26 Mario Gavranovic
42%
61 Mikel Oyarzabal
42%
73 Pablo Sarabia
42%
10 Andreas Christensen
39%
34 Jordan Henderson
39%
45 Juraj Kucka
39%
19 Artem Dovbyk
36%
1 Ezgjan Alioski
36%
4 Nicolo Barella
36%
55 Thomas Meunier
36%
89 Denis Zakaria
33%
90 Oleksandr Zinchenko
33%
71 Connor Roberts
28%
60 Mislav Orsic
28%
11 Viktor Claesson
28%
54 Callum McGregor
25%
29 Michael Gregoritsch
25%
46 Stefan Lainer
25%
42 Sasa Kalajdzic
22%
24 Attila Fiola
19%
3 Cesar Azpilicueta
19%
63 Mario Pasalic
19%
14 Thomas Delaney
19%
35 Tomas Holes
19%
74 Andras Schafer
17%
41 Irfan Kahveci
17%
5 Christoph Baumgartner
14%
84 Nikola Vlasic
14%
Nie znaleziono quizów pasujących do podanych kryteriów
Rozkład punktacji
Procent ludzi z każdym wynikiem
Percentyl według liczby udzielonych odpowiedzi
Twoja historia wyników
Nie rozwiązałeś tego quizu